000 01047cam a2200337 i 4500
001 192206
003 SpMaBN
005 20250721193136.0
008 221119s2007 ag | |||| 000 0 spa
017 _aSE 5264-2007
_bOficina Depósito Legal Sevilla
020 _a9789871008117
035 _a(OCoLC)433424933
040 _aSpMaBN
_bspa
_cSpMaBN
_erdc
044 _aag
_asp
080 _a159.925.6
080 _a616.89
100 1 _aAllende del Campo, Juan,
_d1945-2022
_9234996
_eaut
245 1 0 _aGrafopatologías /
_cJuan Allende del Campo.
250 _a1ª ed.
260 _aBuenos Aires :
_bLasra,
_c2007
300 _a221 páginas :
_bilustraciones (blanco y negro) ;
_c21 cm.
500 _aÍndice
500 _aGlosario
504 _aBibliografía: páginas 217-221.
650 4 _aGrafología
_913152
650 7 _aEnfermedades mentales
_2embne
_912263
852 4 _aES-MaACL
_jN-8158
_bR. 152934
_cDEPOJ
_9199488
942 _cMONOGRAFIA
_n0
999 _c192206
_d192206